Ιστορία και σχολείο

Αποθηκεύτηκε σε:
Λεπτομέρειες βιβλιογραφικής εγγραφής
Κύριος συγγραφέας: Αβδελά, Έφη
Μορφή: Βιβλίο
Γλώσσα:Greek
Δημοσίευση: Αθήνα : Νήσος, 1998.
Σειρά:Τετράδια (Νήσος) ; 6
Θέματα:
Ετικέτες: Προσθήκη ετικέτας
Δεν υπάρχουν, Καταχωρήστε ετικέτα πρώτοι!

MARC

LEADER 00000cam a2200000 i 4500
001 1/87213
008 981109s1998 gr | ||| |||| ||gre||
020 |a 9607711157 
035 |l 10035180 
040 |a GR-MY-UA  |b gre  |e aacr 
041 0 |a gre 
082 7 |a 907   |2 (22) 
082 7 |a 907.09495   |2 (22) 
100 1 |a Αβδελά, Έφη. 
245 1 0 |a Ιστορία και σχολείο /   |c Έφη Αβδελά.  
260 |a Αθήνα :   |b Νήσος,   |c 1998.  
300 |a 176 σ. ;   |c 24 εκ.  
490 1 |a (Τετράδια / Νήσος ;   |v  6)  
504 |a Βιβλιογραφία : σ. 163-176.  
650 0 0 |a History  |x Study and teaching  |z Greece. 
650 0 0 |a History  |x Study and teaching (Elementary)  |z Greece. 
830 0 |a Τετράδια (Νήσος)  |v  ; 6  
852 |a INST  |b LESVOS  |e 20050511  |h 907 ΑΒΔ  |p 005100027747  |q 005100027747  |t BK  |y 0 
852 |a INST  |b RHODES  |e 19981109  |h 907.09495 ΑΒΔ  |p 005400005962  |q 005400005962  |t BK  |y 0 
901 |a BIBL1-2005-2 
909 |a Ρ  |b 048900 
909 |a Λ  |b 121723 
922 |a 4ΕΛΗ  |b 199811  |c ΔΩΡΕΑ 
970 |a ΧΟΡΟΖΙΔΟΥ  |b ΤΖΕΝΗ  |z 1999/10/04